LEADER 01162nam a2200229 i 4500 001 000000004763 003 CaOOAMICUS 005 20220204120919.0 008 180830s1814 it u000 u ita u 040 $aSeMil$bita 100 1 $aStaël-Holstein, Anne Louise Germaine,$c.$0(OLS)http://semarc/name/7142 240 10$aDe l'Allemagne.$0(OLS)http://semarc/title/400639 245 12$aL'Alemagna opera della signora baronessa di Staël Holstein. Traduzione italiana fatta sulla seconda edizione francese. Volume 1. [-3.]. 260 $aMilano :$bPer Giovanni Silvestri agli Scalini del Duomo n. 994,$c1814. 300 $a3 v. ;$c8°. 700 1 $aSilvestri, Giovanni,$c.$0(OLS)http://semarc/name/2971 774 0 $tVol. 1.$w()90813 774 0 $tVol. 2.$w()254511 774 0 $tVol. 3.$w()254510 996 $6245$aL'Alemagna opera della signora baronessa di Staël Holstein. Traduzione italiana fatta sulla seconda edizione francese. Volume 1. [-3.]$9(OLS)http://semarc/title/400638 996 $6260$aMilano :$bPer Giovanni Silvestri agli Scalini del Duomo n. 994$9(OLS)http://semarc/publisher/57601 LEADER 01450nam a2200265 i 4500 001 000000195874 003 CaOOAMICUS 005 20110103000000.0 008 110103s1937 it u000 u fre u 013 $a174554 040 $aSeMil$bita 100 1 $aKieffer, G.$0(OLS)http://semarc/name/71048 245 10$aPrécis de Liturgie Sacrée ou Rites du Culte Public d'après les règles de la Sainte Église Romaine /$cPar Mgr G. Kieffer Professeur au Grand Séminaire de Luxembourg ; Traduit de l'allemand par l'Abbé René Guillaume ; Préface de Son Excellence Monseigneur Harscouët Évêque de Chartres. 260 $aTournai ; Paris :$bCasterman,$c1937. 260 $aMulhouse :$bSalvator,$c1937. 300 $a398 p. ;$c23 cm. 650 4$aLiturgia - Studi.$0(OLS)http://semarc/subject/166 650 4$aLiturgia - Celebrazione - Aspetti rituali.$0(OLS)http://semarc/subject/22961 700 1 $aHarscouet .$0(OLS)http://semarc/name/71049 700 1 $aGuillaume, René .$0(OLS)http://semarc/name/353 850 $aSeMil 852 $aSeMil$W1$xVenegono$y1$m3K IV 212$j146443$B146443$CSeMilBibl$Z2$F157906 $81 996 $6245$aPrécis de Liturgie Sacrée ou Rites du Culte Public d'après les règles de la Sainte Église Romaine$9(OLS)http://semarc/title/282746 996 $6260$aMulhouse :$bSalvator$9(OLS)http://semarc/publisher/34339 996 $6260$aTournai ; Paris :$bCasterman$9(OLS)http://semarc/publisher/29871